书目信息 |
| 题名: |
计算机应用基础精讲与应试解析
|
|
| 作者: | 向波 , 康伟民 主编 | |
| 分册: | ||
| 出版信息: | 武汉 华中科技大学出版社 2014.9 |
|
| 页数: | 208页 | |
| 开本: | 26cm | |
| 丛书名: | ||
| 单 册: | ||
| 中图分类: | TP3 | |
| 科图分类: | ||
| 主题词: | 电子计算机--dian zi ji suan ji--高等学校--教学参考资料 | |
| 电子资源: | ||
| ISBN: | 978-7-5680-0326-1 | |
| 000 | 01184nam0 2200265 450 | |
| 001 | 0100004389 | |
| 005 | 20141011085624.2 | |
| 010 | @a978-7-5680-0326-1@dCNY36.00 | |
| 100 | @a20141011d2014 em y0chiy0121 ea | |
| 101 | 0 | @achi |
| 102 | @aCN@b420000 | |
| 105 | @aa a 000yy | |
| 106 | @ar | |
| 200 | 1 | @a计算机应用基础精讲与应试解析@Aji suan ji ying yong ji chu jing jiang yu ying shi jie xi@f主编向波, 康伟民 |
| 210 | @a武汉@c华中科技大学出版社@d2014.9 | |
| 215 | @a208页@c图@d26cm | |
| 320 | @a有书目 (第208页) | |
| 330 | @a本书主要从三个方面着手, 一是结合重庆市专升本考试讲解计算机文化基础的知识点, 二是结合相关知识点剖析典型试题, 三是有针对地编写相关训练试题。本书共分为基础模块与职业模块两部分。习题主要包括单选题、多选题、判断题、上机操作题4种题型。 | |
| 333 | @a本书既可作为《计算机应用基础》课程的理论教材和配套习题集, 也可作为重庆市普通高等学校专升本《计算机知识和应用》考试的复习用书, 还可作为上机自学计算机应用基础的指导用书 | |
| 606 | 0 | @a电子计算机@Adian zi ji suan ji@x高等学校@j教学参考资料 |
| 690 | @aTP3@v5 | |
| 701 | 0 | @a向波@Axiang bo@4主编 |
| 701 | 0 | @a康伟民@Akang wei min@4主编 |
| 801 | 0 | @aCN@c20160515 |
| 905 | @a河南城建学院图书馆@dTP3@eX274 | |
| 计算机应用基础精讲与应试解析/主编向波, 康伟民.-武汉:华中科技大学出版社,2014.9 |
| 208页:图;26cm |
| 使用对象:本书既可作为《计算机应用基础》课程的理论教材和配套习题集, 也可作为重庆市普通高等学校专升本《计算机知识和应用》考试的复习用书, 还可作为上机自学计算机应用基础的指导用书 |
| ISBN 978-7-5680-0326-1:CNY36.00 |
| 本书主要从三个方面着手, 一是结合重庆市专升本考试讲解计算机文化基础的知识点, 二是结合相关知识点剖析典型试题, 三是有针对地编写相关训练试题。本书共分为基础模块与职业模块两部分。习题主要包括单选题、多选题、判断题、上机操作题4种题型。 |
| ● |
| 相关链接 |
|
|
|
正题名:计算机应用基础精讲与应试解析
索取号:TP3/X274
 
预约/预借
| 序号 | 登录号 | 条形码 | 馆藏地/架位号 | 状态 | 备注 |
| 1 | 1252595 | 212525953 | 自科库301/301自科库 44排2列5层/ [索取号:TP3/X274] | 在馆 | |
| 2 | 1252596 | 212525962 | 自科库301/301自科库 44排2列5层/ [索取号:TP3/X274] | 在馆 | |
| 3 | 1252597 | 212525971 | 自科库301/301自科库 44排2列5层/ [索取号:TP3/X274] | 在馆 |